000 00739cam a22002411 4500
001 sa 64001251
003 DLC
005 20260227112001.0
008 870730s1963 ii a b 000 0 eng
010 _asa 64001251
025 _aPL480:I-E-2333
035 _a(OCoLC)16323290
040 _aDLC
_cICRL
_dDLC
042 _apremarc
050 0 0 _aHF5548.8
_b.A55
100 1 _aAdiseshiah, W. T. V.
245 1 0 _aSocial foundations of industrial psychology.
_cWith a foreword by Sir Frederic Bartlett.
260 _aMadras,
_bInstitute of Social Sciences, Loyola College
_c[1963]
300 _aviii, 172 p.
_billus.
_c18 cm.
504 _aIncludes bibliographies.
650 0 _aPsychology, Industrial.
650 0 _aIndustrial sociology.
999 _c56657
_d56657